Physical properties of materials / (Record no. 180842)
[ view plain ]
| 000 -LEADER | |
|---|---|
| fixed length control field | 01129 a2200229 4500 |
| 003 - CONTROL NUMBER IDENTIFIER | |
| control field | Nust |
| 005 - DATE AND TIME OF LATEST TRANSACTION | |
| control field | 20221208120611.0 |
| 010 ## - LIBRARY OF CONGRESS CONTROL NUMBER | |
| LC control number | 75035836 |
| 020 ## - INTERNATIONAL STANDARD BOOK NUMBER | |
| International Standard Book Number | 0442300964. |
| -- | 0442300972 |
| 040 ## - CATALOGING SOURCE | |
| Transcribing agency | Nust |
| 082 00 - DEWEY DECIMAL CLASSIFICATION NUMBER | |
| Classification number | 530.41, LOV |
| 100 1# - MAIN ENTRY--PERSONAL NAME | |
| Personal name | Lovell, M. C. |
| 9 (RLIN) | 104446 |
| 245 10 - TITLE STATEMENT | |
| Title | Physical properties of materials / |
| Statement of responsibility, etc. | M. C. Lovell, A. J. Avery, M. W. Vernon. |
| 260 ## - PUBLICATION, DISTRIBUTION, ETC. | |
| Place of publication, distribution, etc. | New York : |
| Name of publisher, distributor, etc. | Van Nostrand Reinhold Co., |
| Date of publication, distribution, etc. | c1975. |
| 300 ## - PHYSICAL DESCRIPTION | |
| Extent | xii, 304 p. : |
| Other physical details | ill. ; |
| Dimensions | 25 cm. |
| 505 ## - FORMATTED CONTENTS NOTE | |
| Formatted contents note | Chapter 1:- Fundamentals (Page-1), Chapter 2:- Structure of Solids (Page-19), Chapter 3:- Preparation of materials (Page-42), Chapter 4:- Practical Detremanatation of Structure (Page-65), Chapter 5:-Mechanical Properties of Materials (Page-87), Chapter 6:- Thermal Properties (Page-106), Chapter 7:- Electrical Properties (Page-106), Chapter 8:- Dielectrics (Page-153), Chapter 9:- Magnetic Properties (Page-185), Chapter 10:- Optical Properties (Page-218), Chapter 11:- Superconductivity (Page-256). |
| 650 #0 - SUBJECT ADDED ENTRY--TOPICAL TERM | |
| Topical term or geographic name entry element | Materials. |
| 650 #0 - SUBJECT ADDED ENTRY--TOPICAL TERM | |
| Topical term or geographic name entry element | Solids. |
| 700 1# - ADDED ENTRY--PERSONAL NAME | |
| Personal name | Avery, A. J., |
| 9 (RLIN) | 104447 |
| 700 1# - ADDED ENTRY--PERSONAL NAME | |
| Personal name | Vernon, M. W., |
| 9 (RLIN) | 104448 |
| 942 ## - ADDED ENTRY ELEMENTS (KOHA) | |
| Source of classification or shelving scheme | |
| Koha item type | Book |
| Withdrawn status | Lost status | Source of classification or shelving scheme | Damaged status | Not for loan | Permanent Location | Current Location | Shelving location | Date acquired | Full call number | Barcode | Date last seen | Price effective from | Koha item type | Public note |
|---|---|---|---|---|---|---|---|---|---|---|---|---|---|---|
| Military College of Signals (MCS) | Military College of Signals (MCS) | General Stacks | 12/12/2016 | 530.41, LOV | MCS5148 | 12/08/2016 | 12/12/2016 | Book | Almirah No.16, Shelf No.1 | |||||
| Military College of Signals (MCS) | Military College of Signals (MCS) | General Stacks | 12/12/2016 | 530.41, LOV | MCS5149 | 12/08/2016 | 12/12/2016 | Book | Almirah No.16, Shelf No.1 |
